| 000 | 00779cam a22002411 4500 | ||
|---|---|---|---|
| 001 | 51886 | ||
| 003 | BD-RjUL | ||
| 005 | 20211209075727.0 | ||
| 008 | 160904m1960 ne a 000 0 eng | ||
| 035 | _a(BD-RjUL)52006 | ||
| 040 |
_aDLC/ICU _cICU _dDLC _beng |
||
| 041 | _aeng | ||
| 082 | 0 | 0 |
_a515.8 _bSAL 1960 |
| 100 | 1 |
_aSansone, Giovanni, _d1888-1979. _9155194 |
|
| 245 | 1 | 0 |
_aLectures on the theory of functions of a complex variable / _c[by] Giovanni Sansone [and] Johan Gerretsen. |
| 260 |
_aGroningen : _bP. Noordhoff, _c1960- |
||
| 300 |
_av. : _bill. ; _c26 cm. |
||
| 505 | 0 | _a1. Holomorphic functions. | |
| 650 | 0 |
_aFunctions of complex variables. _9155195 |
|
| 700 | 1 |
_aGerretsen, Johan, _d1907- _ejoint author. _9155196 |
|
| 942 |
_2ddc _cBK |
||
| 999 |
_c51886 _d51886 |
||